LEADER 01068cam0-22004211i-450- 001 990000850830403321 005 20050511094647.0 035 $a000085083 035 $aFED01000085083 035 $a(Aleph)000085083FED01 035 $a000085083 100 $a20020821d1964----km-y0itay50------ba 101 0 $aeng 102 $aUS 105 $ay-------001yy 200 1 $aFunctional analysis$fAlbert Wilansky 210 $aNew York$cBlaisdell Pub. Co.$d1964 215 $aXVI, 291 p.$d26 cm 610 0 $aAnalisi funzionale$aManuali 610 0 $aAlgebre astratte 676 $a515.7 676 $a519 676 $a517.00//517.36 700 1$aWilansky,$bAlbert$041878 801 0$aIT$bUNINA$gRICA$2UNIMARC 901 $aBK 912 $a990000850830403321 952 $aMXI-A-32$b303$fMAS 952 $a02 24 D 16$b2173$fFINBN 952 $a6-G-12$b5833$fMA1 952 $a14A-040$b4252$fFI1 959 $aFINBN 959 $aMAS 959 $aMA1 959 $aFI1 962 $a46-01 996 $aFunctional analysis$9348455 997 $aUNINA LEADER 05197nam 2200673Ia 450 001 9910457592603321 005 20210603201626.0 010 $a1-282-75938-8 010 $a9786612759383 010 $a0-520-93216-1 010 $a1-4175-8515-3 010 $a1-59875-915-9 024 7 $a10.1525/9780520932166 035 $a(CKB)1000000000354370 035 $a(EBL)254871 035 $a(OCoLC)58728623 035 $a(SSID)ssj0000199355 035 $a(PQKBManifestationID)11172697 035 $a(PQKBTitleCode)TC0000199355 035 $a(PQKBWorkID)10184548 035 $a(PQKB)10851656 035 $a(StDuBDS)EDZ0000056042 035 $a(MiAaPQ)EBC254871 035 $a(MdBmJHUP)muse31094 035 $a(DE-B1597)519981 035 $a(OCoLC)967255786 035 $a(DE-B1597)9780520932166 035 $a(Au-PeEL)EBL254871 035 $a(CaPaEBR)ebr10077320 035 $a(CaONFJC)MIL275938 035 $a(EXLCZ)991000000000354370 100 $a20030722d2005 uy 0 101 0 $aeng 135 $aurun#---|u||u 181 $ctxt 182 $cc 183 $acr 200 00$aMatter of principle$b[electronic resource] $ehumanitarian arguments for war in Iraq /$fedited by Thomas Cushman 210 $aBerkeley $cUniversity of California Press$d2005 215 $a1 online resource (385 p.) 300 $aDescription based upon print version of record. 311 0 $a0-520-24486-9 311 0 $a0-520-24555-5 320 $aIncludes bibliographical notes and index. 327 $tFront matter --$tContents --$tAcknowledgments --$tIntroduction: The Liberal-Humanitarian Case For War In Iraq --$t1. The Case For Regime Change --$t2. Liberal Legacies, Europe's Totalitarian Era, And The Iraq War: Historical Conjunctures And Comparisons --$t3. "Regime Change": The Case Of Iraq --$t4. In The Murk Of It: Iraq Reconsidered --$t5. National Interest And International Law --$t6. Just War Against An "Outlaw" Region --$t7. Moral Arguments: Sovereignty, Feasibility, Agency, And Consequences --$t8. A Friendly Drink In A Time Of War --$t9. Wielding The Moral Club --$t10. Peace, Human Rights, And The Moral Choices Of The Churches --$t11. Ethical Correctness And The Decline Of The Left --$t12. Pages From A Daily Journal Of Argument --$t13. Liberal Realism Or Liberal Idealism: The Iraq War And The Limits Of Tolerance --$t14. Iraq And The European Left --$t15. Guilt's End: How Germany Redefined The Lessons Of Its Past During The Iraq War --$t16. The Iraq War And The French Left --$t17. Tempting Illusions, Scary Realities, Or The Emperor's New Clothes II --$t18. Antitotalitarianism As A Vocation: An Interview With Adam Michnik --$t19. Sometimes, A War Saves People --$t20. Gulf War Syndrome Mark Ii: The Case For Siding With The Iraqi People --$t21. "They Don't Know One Little Thing" Pamela Bone --$t22. "Why Did It Take You So Long To Get Here?" --$t23. Full Statement To The House Of Commons, 18 March 2003 --$t24. The Threat Of Global Terrorism --$tContributors --$tIndex 330 $aCurrent debate over the motives, ideological justifications, and outcomes of the war with Iraq have been strident and polarizing. A Matter of Principle is the first volume gathering critical voices from around the world to offer an alternative perspective on the prevailing pro-war and anti-war positions. The contributors - political figures, public intellectuals, scholars, church leaders, and activists-represent the most powerful views of liberal internationalism. Offering alternative positions that challenge the status quo of both the left and the right, these essays claim that, in spite of the inconsistent justifications provided by the United States and its allies and the conflict-ridden process of social reconstruction, the war in Iraq has been morally justifiable on the grounds that Saddam Hussein was a brutal tyrant, a flagrant violator of human rights, a force of global instability and terror, and a threat to world peace. The authors discuss the limitations of the current system of global governance, which tolerates gross violations of human rights and which has failed to prevent genocide in places such as Bosnia and Rwanda. They also underscore the need for reform in international institutions and international law. At the same time, these essays do not necessarily attempt to apologize for the mistakes, errors, and deceptions in the way the Bush administration has handled the war. Disputing the idea that the only true liberal position on the war is to be against it, this volume charts an invaluable third course, a path determined by a strong liberal commitment to human rights, solidarity with the oppressed, and a firm stand against fascism, totalitarianism, and tyranny. 606 $aIraq War, 2003-2011$xMoral and ethical aspects 607 $aIraq$xHistory$y2003- 608 $aElectronic books. 615 0$aIraq War, 2003-2011$xMoral and ethical aspects. 676 $a956.704431 701 $aCushman$b Thomas$01040691 801 0$bMiAaPQ 801 1$bMiAaPQ 801 2$bMiAaPQ 906 $aBOOK 912 $a9910457592603321 996 $aMatter of principle$92463762 997 $aUNINA LEADER 01150nam a2200289 i 4500 001 991002812799707536 005 20020503173708.0 008 000508s1999 it ||| | ita 020 $a8846417526 035 $ab10418696-39ule_inst 035 $aEXGIL110357$9ExL 040 $aDip.to Filol. Ling. e Lett.$bita 082 0 $a001.3071145 100 1 $aCiliberti, Anna$0165146 245 13$aLe forme della comunicazione accademica :$bricerche linguistiche sulla didattica universitaria in ambito umanistico /$ca cura di Anna Ciliberti e Laurie Anderson 260 $aMilano :$bFranco Angeli,$c[c1999] 300 $a290 p. ;$c22 cm. 490 0 $aMateriali linguistici ;$v26 650 4$aDidattica$xLinguaggio 650 4$aDiscipline umanistiche - Insegnamento$zItalia$ySec. 20. 700 1 $aAnderson, Laurie 907 $a.b10418696$b21-02-17$c27-06-02 912 $a991002812799707536 945 $aLE008 L.L.I.D A V 48$g1$i2008000015046$lle008$o-$pE0.00$q-$rl$s- $t0$u0$v0$w0$x0$y.i10487268$z27-06-02 996 $aForme della comunicazione accademica$9218644 997 $aUNISALENTO 998 $ale008$b01-01-00$cm$da $e-$fita$git $h3$i1 LEADER 02266nam 2200493z- 450 001 9910557582303321 005 20211118 035 $a(CKB)5400000000043825 035 $a(oapen)https://directory.doabooks.org/handle/20.500.12854/72959 035 $a(oapen)doab72959 035 $a(EXLCZ)995400000000043825 100 $a20202111d2019 |y 0 101 0 $aeng 135 $aurmn|---annan 181 $ctxt$2rdacontent 182 $cc$2rdamedia 183 $acr$2rdacarrier 200 00$aIntraoperative Radiotherapy (IORT) - A New Frontier for Personalized Medicine as Adjuvant Treatment and Treatment of Locally Recurrent Advanced Malignancy 210 $cFrontiers Media SA$d2019 215 $a1 online resource (76 p.) 311 08$a2-88945-794-X 330 $aThis eBook is a collection of articles from a Frontiers Research Topic. Frontiers Research Topics are very popular trademarks of the Frontiers Journals Series: they are collections of at least ten articles, all centered on a particular subject. With their unique mix of varied contributions from Original Research to Review Articles, Frontiers Research Topics unify the most influential researchers, the latest key findings and historical advances in a hot research area! Find out more on how to host your own Frontiers Research Topic or contribute to one as an author by contacting the Frontiers Editorial Office: frontiersin.org/about/contact 517 $aIntraoperative Radiotherapy 606 $aMedicine and Nursing$2bicssc 606 $aOncology$2bicssc 610 $abrain metastasis 610 $abreast cancer 610 $adosimetry 610 $ahead and neck cancer 610 $aIntrabeam 610 $aIORT 610 $apancreas cancer 610 $aphysics 610 $aradiobiology 615 7$aMedicine and Nursing 615 7$aOncology 700 $aSmall$b William$4edt$01141329 702 $aThomas$b Tarita O$4edt 702 $aSmall$b William$4oth 702 $aThomas$b Tarita O$4oth 906 $aBOOK 912 $a9910557582303321 996 $aIntraoperative Radiotherapy (IORT) ? A New Frontier for Personalized Medicine as Adjuvant Treatment and Treatment of Locally Recurrent Advanced Malignancy$93035075 997 $aUNINA